|
|
|
|
| LEADER |
00661 a2200169 4500 |
| 008 |
140923b xxu||||| |||| 00| 0 eng d |
| 020 |
|
|
|a 978041543799
|
| 082 |
|
|
|a 956.94054
|
| 245 |
|
|
|a Israel- palastine conflict:
|b parallel discourses/
|c edited by Elizabeth G.Matthews.
|
| 260 |
|
|
|c 2011.
|b Routledge,
|a London:
|
| 300 |
|
|
|a xii,276p.
|c 23cm.
|
| 650 |
|
|
|a Arab-Israeli conflict.
|
| 650 |
|
|
|a Arab-Israeli conflic-1993-Peace.
|
| 700 |
|
|
|a Matthews,Elizabeth G.
|e Editor.
|
| 942 |
|
|
|2 ddc
|c BK
|
| 999 |
|
|
|c 102655
|d 102655
|
| 952 |
|
|
|0 0
|1 0
|4 0
|6 956_940540000000000_ISR
|7 0
|9 103395
|a UL
|b UL
|c ST1
|d 2013-09-23
|e 2
|g 2187.58
|l 1
|m 1
|o 956.94054 ISR
|p 90983
|r 2015-09-29
|s 2015-06-23
|v 3125.12
|y BK
|